Presentations of groups /
Guardado en:
| Autor Principal: | |
|---|---|
| Formato: | Libro |
| Idioma: | English |
| Publicado: |
Cambridge :
Cambridge University Press,
c1976.
|
| Series: | London Mathematical Society lecture note series ;
22. |
| Materias: | |
| Etiquetas: |
Agregar Etiqueta
Sin Etiquetas, Sea el primero en etiquetar este registro!
|
| LEADER | 01236cam a2200229 a 4500 | ||
|---|---|---|---|
| 001 | MAT.inmabb002959 | ||
| 008 | 760406s1976####enk######b####001#0#eng## | ||
| 005 | 20130301160230.0 | ||
| 245 | 1 | 0 | |a Presentations of groups / |c D. L. Johnson. |
| 260 | |a Cambridge : |b Cambridge University Press, |c c1976. | ||
| 300 | |a v, 204 p. ; |c 23 cm. | ||
| 440 | 0 | |a London Mathematical Society lecture note series ; |v 22. | |
| 504 | |a Bibliografía: p. 196-197. | ||
| 505 | 8 | |a Capítulos: 1. Free groups -- 2. Free presentations of groups -- 3. Abelian groups -- 4. More examples -- 5. Tietze transformations and van Kampen diagrams -- 6. Coset enumeration -- 7. Presentations of subgroups -- 8. Finite or infinite? -- 9. Elements of homological algebra -- 10. Cohomology of groups -- 11. Extensions of groups -- 12. Mod p cohomology -- 13. Presentations of group extensions -- 14. Minimal presentations of direct products -- 15. Minimal presentations of wreath products -- 16. Cyclically presented groups. | |
| 510 | 4 | |a MR, |c 53 #623 | |
| 020 | |a 0521208297 | ||
| 100 | 1 | |a Johnson, D. L. | |
| 650 | 0 | |a Presentations of groups (Mathematics) | |
| 084 | |a 20F05 |2 msc2000 | ||
| 010 | |a 74031803 | ||
| 040 | |a DLC |c DLC |d DLC | ||
| 859 | |h 20 |i J66 |p A-4832 |b BIB. MATEMATICA | ||
